Microsoft Visual Basic 4.0 - programátorská dílna

Enregistré dans:
Détails bibliographiques
Auteur principal: Craig, John Clark
Autres auteurs: Veselský, Jiří
Format: Livre
Langue:tchèque
Publié: Praha Computer Press 1996
Sujets:
Tags: Ajouter un tag
Pas de tags, Soyez le premier à ajouter un tag!

MARC

LEADER 00000nam$a2200000$$$4500
001 0070497
005 20221205071710.8
020 |a 80-85896-74-5 
041 0 |a cze 
044 |a CZ 
245 1 0 |a Microsoft Visual Basic 4.0 - programátorská dílna  |c John Clark Craig ; překlad: Jiří Veselský 
264 1 |a Praha  |b Computer Press  |c 1996 
300 |a 530 s. 
610 2 0 |a softvér 
610 2 0 |a programovanie 
610 2 0 |a jazyky programovacie 
610 2 0 |a dáta 
610 2 0 |a grafika počítačová 
610 2 0 |a automatizácia 
610 2 0 |a Visual Basic 4.0 
100 1 |a Craig, John Clark 
700 1 |a Veselský, Jiří